000 00950nam a2200277 i 4500
003 DO-SdBNP
005 20240703094351.0
007 ta
008 180606s2021 dr d 000 p spa d
020 _a9788845918564
040 _aDO-SdBNP
_bspa
_cBNPHU
_erda
082 4 _222
100 1 _aArias, José Adalberto,
_d1951-
_eautor
_943084
245 1 3 _aLa economía del bienestar y el cambio climático /
_cJosé Adalberto Arias ; presentación, Víctor Masalles Pere
264 _aSanto Domingo :
_bBúho,
_c2021.
300 _a209 páginas :
_cdiagrámas ;
_b23 cm.
336 _2rdacontent
_atexto
_btxt
337 _2rdamedia
_asin mediación
_bn
338 _2rdacarrier
_avolumen
_bnc
500 _aIncluye datos biografícos del autor en las solapas.
504 _aBibliografía : p. 109
590 _aInventariado, 2023/BT
700 1 _aMasalles Pere, Víctor,
_epresentación
_934503
_4Monseñor
910 _aBtavárez
942 _2ddc
_cLBS1
999 _c55323
_d55323